[Event "FIDE Chesscom Grand Swiss 2019"]
[Site "Douglas-Isle of Man"]
[Date "2019.10.21"]
[Round "11.42"]
[White "Solomon, Kenny"]
[Black "Wu, Li"]
[Result "0-1"]
[WhiteElo "2382"]
[BlackElo "2332"]
[Annotator "TA"]
[PlyCount "124"]
[EventDate "2019.10.10"]
[EventType "swiss"]
[EventCountry "GBR"]
[SourceTitle "playchess.com"]
[Source "ChessBase"]
[SourceQuality "1"]

{[%evp 23,124,25,26,0,0,0,0,-7,-17,-32,-29,-89,-115,-81,-90,-108,-79,-112,-57,-51,-28,-2,10,16,25,21,27,0,0,0,11,0,10,0,0,0,0,0,0,-76,0,0,0,0,8,6,9,5,5,15,32,0,0,0,0,-6,0,-14,-14,-66,-80,-87,-17,-17,0,-26,-18,-25,0,-10,0,-10,-8,-8,-8,-42,-35,-203,-178,-298,-263,-313,-302,-365,-360,-366,-361,-372,-372,-366,-343,-684,-651,-29970,-29971,-29968,-29971,-29971,-29972,-29964,-11000,-29972,-29970]} 1. d4 Nf6 2. g3 e6 3. c4 c5 4. d5 exd5 5. cxd5 d6 6. Nc3 g6 7. Bg2 Bg7 8. Nf3 O-O 9. O-O Re8 10. h3 a6 11. a4 Nbd7 12. Bf4 Qc7 13. a5 {A63: Modern Benoni: Fianchetto Variation: 9...Nbd7} (13. Qd2 Rb8 14. Rab1 b5 15. axb5 axb5 16. b4 Ne4 17. Nxe4 Rxe4 18. Ng5 Re8 19. Ne4 Rxe4 20. Bxe4 c4 {1-0 (38) Xiong,J (2640)-Onischuk,A (2681) Saint Louis 2018}) 13... b5 $146 ({Predecessor:} 13... Ne4 14. Qc2 Ndf6 15. Nxe4 Nxe4 16. Nd2 Nxd2 17. Qxd2 Bd7 18. e4 Rab8 19. Rfc1 b5 20. Be3 f5 21. exf5 Bxf5 {½-½ (71) Duneas,J (2020)-Steadman,M (2272) Auckland 2017}) 14. axb6 $1 Nxb6 15. Re1 {The position is equal.} Ne4 16. Rc1 Bf5 17. g4 (17. Nh4 $11) 17... Nxc3 $17 18. bxc3 Be4 19. Ng5 Bxg2 20. Kxg2 {[#]} h6 (20... a5 $1 $17 21. f3 a4) 21. Nf3 $15 Re4 22. Bg3 Rae8 23. Nd2 R4e7 24. c4 a5 25. Nb1 Re4 $36 {[%mdl 2048] Black has good play.} 26. Nd2 R4e7 $1 27. Rc2 a4 28. Nb1 Be5 29. Bxe5 Rxe5 30. Qd3 h5 31. Nd2 (31. Nc3 $11) 31... Qd8 ({Black should play} 31... hxg4 $17 32. hxg4 Rg5) 32. e4 $11 {Hoping for f4.} hxg4 33. hxg4 Qh4 {And now ...Rg5 would win.} 34. Qg3 Qxg3+ 35. Kxg3 f5 36. f3 Nd7 37. g5 Rb8 38. Ra1 Rb4 39. Kf4 Nb6 40. Rac1 Kg7 41. Rc3 (41. Kg3 $11) 41... Re8 $15 42. Kg3 {[#]} Rb2 (42... Ra8 $1 $17 43. R1c2 fxe4 44. fxe4 Nd7) 43. R1c2 $1 $11 {[%cal Rc2b2]} Rb4 44. Ra2 Re7 45. Rac2 Re8 46. Ra3 Re7 47. Ra1 Ra7 48. exf5 gxf5 49. Ra3 Re7 50. Kf2 $2 (50. f4 $1 $15) 50... f4 $19 51. Rac3 (51. Ra1 $142) 51... Ra7 52. Ke2 Kg6 53. Ra2 Re7+ 54. Kf2 Kxg5 55. Ne4+ {[#]} Rxe4 $1 {[%mdl 512]} 56. fxe4 Nxc4 {[%mdl 4096] Endgame KRR-KRN} 57. Rh3 $2 (57. Ra1) 57... a3 {[%cal Ba4a3,Ba3b2][%mdl 32]} 58. Rh8 {If White can now play Rg8+ this consolidates a bit.} Rb2+ 59. Rxb2 axb2 ({Stronger than} 59... Nxb2 60. Kf3 $11) 60. Rb8 Kf6 61. Ke2 {[#]} f3+ $1 {[%mdl 512]} 62. Kd3 (62. Kxf3 Nd2+) 62... f2 {Accuracy: White = 29%, Black = 60%.} 0-1